000 00684nam a2200205Ii 4500
003 JO-AjNU
008 230605s9999||||xx |||||||||||||| ||und||
040 _aJO-AjNU
_bara
_erda
_cJO-AjNU
041 _aara
050 1 4 _aBP566.Z3922 2004
100 3 _aزيدان، عبد الكريم,
_eauthor
_915280
245 0 0 _aالعدة
250 _aط1
264 3 1 _aبيروت: مؤسسة الرسالة للطباعة والنشر والتوزيع، 2004
300 _a152ص
336 _atext
_btxt
_2rdacontent
337 _aunmediated
_bn
_2rdamedia
338 _avolume
_bnc
_2rdacarrier
650 4 _aالعدة- احوال شخصية- طلاق- زواج- فقه اسلامي
_915281
999 _aA4277
_c7845
_d7845